banner koha

Caracterização dos fatores de produção e uso de modelos matemáticos para estimar sua influência sobre o consumo diário de ração e a conversão alimentar de suínos nas fases de crescimento e terminação (Registro n. 300977)

MARC details
000 -LÍDER
fixed length control field 04237nab a2200433 i 4500
003 - CÓDIGO MARC DA AGÊNCIA CATALOGADORA
Campo de controle BR-BrBNA
005 - DATA E HORA DA ÚLTIMA ATUALIZAÇÃO
Campo de controle 20240821113317.0
008 - CAMPO DE TAMANHO FIXO
fixed length control field 240821b2018 bl.|r|pooa||| 00| 0 por |
040 ## - FONTE DA CATALOGAÇÃO
Agência catalogadora BR-BrBNA
Idioma da catalogação por
072 ## - CATEGORIA AGRIS
Código AGRIS L01
Código do objeto 5300
072 ## - CATEGORIA AGRIS
Código AGRIS U10
100 ## - ENTRADA PRINCIPAL - NOME PESSOAL
Nome pessoal Borges, D.S.
100 ## - ENTRADA PRINCIPAL - NOME PESSOAL
Nome pessoal Agostini, P.S.
100 ## - ENTRADA PRINCIPAL - NOME PESSOAL
Nome pessoal Pierozan, C.R.
100 ## - ENTRADA PRINCIPAL - NOME PESSOAL
Nome pessoal Dias, C.P.
100 ## - ENTRADA PRINCIPAL - NOME PESSOAL
Nome pessoal Callegari, M.A.
100 ## - ENTRADA PRINCIPAL - NOME PESSOAL
Nome pessoal Novais, A.K.
100 ## - ENTRADA PRINCIPAL - NOME PESSOAL
Nome pessoal Santos, R K.S.
100 ## - ENTRADA PRINCIPAL - NOME PESSOAL
Nome pessoal Pereira Junior, M.
100 ## - ENTRADA PRINCIPAL - NOME PESSOAL
Nome pessoal Alves, J.B.
100 ## - ENTRADA PRINCIPAL - NOME PESSOAL
Nome pessoal Gasa, J.
100 ## - ENTRADA PRINCIPAL - NOME PESSOAL
Nome pessoal Silva, C.A.
245 ## - TÍTULO PRINCIPAL
Título principal Caracterização dos fatores de produção e uso de modelos matemáticos para estimar sua influência sobre o consumo diário de ração e a conversão alimentar de suínos nas fases de crescimento e terminação
500 ## - NOTA GERAL
Nota geral Publicação online; 20 ref.; 5 tables; Summaries (En, Pt)
942 ## - ADDED ENTRY ELEMENTS (KOHA)
Koha item type
520 ## - NOTA DE RESUMO
Nota de conteúdo <br/>RESUMO - O objetivo deste estudo foi identificar e quantificar os fatores de produção presentes em granjas de crescimento e terminação (CT) de suínos, em um sistema cooperativo do estado do Paraná, Brasil, e determinar a influência desses fatores no consumo diário de ração (CDR) e na conversão alimentar (CA). Foram avaliados, entre os anos de 2010 e 2013, os históricos produtivos de 538 lotes de engorda, alojados em 175 granjas comerciais, totalizando aproximadamente 404.000 animais. Foram considerados 40 fatores de produção, relacionados ao manejo, à sanidade, às instalações e aos equipamentos, à nutrição, à genética e ao ambiente. Em baias com menos de 20 suínos, o CDR diminuiu (P<0,05) e a CA melhorou (P<0,01). Nas baias com comedouros basculantes (lineares), o CDR reduziu (P<0,01) e a CA melhorou (P=0,001). Em baias com lâmina d’água, o CDR aumentou (P<0,01) e a CA piorou (P<0,01). Lotes formados apenas por fêmeas apresentaram menor CDR (P<0,001) e melhor CA (P<0,001), quando comparados aos lotes mistos. As variáveis selecionadas para os modelos finais explicaram cerca de 25% e 46% da variância total para CDR e para a CA, respectivamente. Os modelos constituem um instrumento de auxílio efetivo para tomadas de decisões técnicas dentro do setor suinícola.<br/><br/><br/>Palavras-chave: alimentação, índices de produção, modelagem, produção de suínos
520 ## - NOTA DE RESUMO
Nota de conteúdo <br/>ABSTRACT - The aim of this study was to identify and quantify the production factors present in growing and finishing (GF) pig farms partners of a cooperative in Paraná State, Brazil, and to determine the influence of these factors on daily feed intake (DFI) and the feed conversion ratio (FCR). From 2010 to 2013, the historical production of 538 batches of fattening pigs in 175 commercial farms were analyzed, in an amount approximately 404,000 animals. A total of 40 production factors regarding the management, sanity, plant and equipment, nutrition, genetics and environment were taken into consideration. Pens with less than 20 pigs resulted in a reduction in DFI (P<0.05) and an improved FCR (P<0.01). In pens that used linear dump feeders, the DFI was less (P<0.01) and the FCR was better (P=0.001). Pens with shallow pools had higher DFI (P<0.01) and worse FCR (P<0.01). Batches of females had lower DFI (P<0.001) and better FCR (P<0.001) compared to mixed-sex batches. The factors used for the final models explained the 25% and 46% of the total variance for the DFI and FCR, respectively. The models consist in effective aid instruments for technical decision making in the swine industry.<br/><br/><br/>Keywords: feeding, modeling, pig production, production indexe
650 ## - ASSUNTO - THESAGRO
Cabeçalho tópico ou nome geográfico SUÍNO
650 ## - ASSUNTO - THESAGRO
Cabeçalho tópico ou nome geográfico GRANJA
650 ## - ASSUNTO - THESAGRO
Cabeçalho tópico ou nome geográfico CRIAÇÃO
650 ## - ASSUNTO - THESAGRO
Cabeçalho tópico ou nome geográfico RAÇÃO
650 ## - ASSUNTO - THESAGRO
Cabeçalho tópico ou nome geográfico CONVERSÃO ALIMENTAR
650 ## - ASSUNTO - THESAGRO
Cabeçalho tópico ou nome geográfico SISTEMA DE PRODUÇÃO
650 ## - ASSUNTO - THESAGRO
Cabeçalho tópico ou nome geográfico MODELO MATEMÁTICO
650 ## - ASSUNTO - THESAGRO
Cabeçalho tópico ou nome geográfico COOPERATIVA
773 0# - ENTRADA ANALÍTICA
Host Biblionumber 1643
Registro do item 317174
Imprenta Belo Horizonte-MG Universidade Federal de Minas Gerais - Escola de Veterinaria 1983
Outro identificador 2024-3790
Título Arquivo Brasileiro de Medicina Veterinária e Zootecnia (Brazil)
ISSN 0102-0935
Colação v. 70(1) p. 263-271; (2018)
Número de controle de registro BR2024002295
856 ## - ACESSO E ENDEREÇO ELETRÔNICO
Identificador uniforme de recurso - URI https://www.scielo.br/j/abmvz/a/KZ7QV9xnd7kYmQPsQVKksLG/?format=pdf&lang=pt

Nenhum exemplar disponível.

BINAGRI

Telefone: (61)3218-2567/2388/3357/2097 - binagri@agro.gov.br

Ministério da Agricultura e Pecuária , Esplanada dos Ministérios, Bloco D, Anexo B, Brasília/DF, CEP: 70.043-900